| 000 | 00585nam a2200217 a 4500 | ||
|---|---|---|---|
| 999 |
_c9968 _d9968 |
||
| 001 | 9968 | ||
| 003 | BD-JhCC | ||
| 005 | 20180723193930.0 | ||
| 008 | 180403b1960 e a|||| ||a| 000 0 eng d | ||
| 035 | _a(BD-JhCC) 9968 | ||
| 040 |
_aBD-JhCC _dBD-JhCC |
||
| 041 | _aeng | ||
| 082 |
_a823.8 _bFRE 1960 |
||
| 100 | _aFremont, Isabelle | ||
| 245 |
_aThe Mousedeer Goes Fishing and others stories / _cIsabelle Fremont |
||
| 260 |
_aLondon : _bLondon oxford university press _c1960 |
||
| 300 |
_a30 p .: _c14 cm . |
||
| 650 | _aChelldrens stories | ||
| 942 |
_2ddc _cBK |
||